A liberal descent : Victorian historians and the English past /

Bibliographic Details
Main Author: Burrow, J. W. (John Wyon), 1935-2009
Format: Book
Language:English
Published: Cambridge [Cambridgeshire] ; New York : Cambridge University Press, 1981.
Subjects:

MARC

Tag First Indicator Second Indicator Subfields
LEADER 00000cam a22000008a 4500
001 in00000072766
005 20151008054622.0
008 810501s1981 enk b 00110 eng
010 |a  81003912  
020 |a 0521240794 :  |c $37.00 (est.) 
035 |a (OCoLC)07553459 
035 |9 AAJ1186AM 
039 0 |a 2  |b 3  |c 3  |d 3  |e 3 
040 |a DLC  |c DLC  |d TXA  |d UtOrBLW 
043 |a e-uk--- 
049 |a TXAM  |c [1442272] 
050 0 0 |a DA1  |b .B87 
082 0 |a 941/.0072  |2 19 
100 1 |a Burrow, J. W.  |q (John Wyon),  |d 1935-2009. 
245 1 2 |a A liberal descent :  |b Victorian historians and the English past /  |c J.W. Burrow. 
263 |a 8112 
264 1 |a Cambridge [Cambridgeshire] ;  |a New York :  |b Cambridge University Press,  |c 1981. 
300 |a x, 308 pages ;  |c 23 cm. 
336 |a text  |b txt  |2 rdacontent 
337 |a unmediated  |b n  |2 rdamedia 
338 |a volume  |b nc  |2 rdacarrier 
504 |a Includes bibliographical references and index. 
650 0 |a Historians  |z Great Britain. 
650 0 |a Historiography  |z Great Britain. 
651 0 |a Great Britain  |x Historiography. 
999 |a MARS 
999 f f |s 33cb1811-3930-3b94-9e17-84204707f0c3  |i e80f0363-8d51-353c-8728-3fe590ffa970  |t 0 
952 f f |p ric  |a Texas A&M University  |b Rellis Campus  |c Joint Library Facility  |d Remote Storage  |t 0  |e DA1 .B87  |h Library of Congress classification  |i unmediated -- volume  |m A14806096072 
998 f f |a DA1 .B87  |t 0  |l Remote Storage